00727nam a2200205 i 450000100060000000300090000600500170001500700030003200800390003502000180007408000150009210000410010724500520014826000880020030000290028871000430031785200220036099900170038295201220039913135ES-MaACL20230906150514.0t|881212s1987 sp a |||| | spa a84-505-5943-X a860-14"19"1 aBotello de las Heras, Fausto.93076210aHombres grises / cFausto Botello de las Heras. aSevilla : b[Monte de Piedad y Caja de Ahorros] : bAteneo de Los Palacios, c1987. a70 p. : bil. ; c22 cm.2 aAteneo de Los Palacios (Sevilla)91873 aES-MaACLjL-20492 c13135d13135 00104070aATENEOMbATENEOMcDEPO2d2008-01-17eSCl0oL-20492p1013375r2023-02-23 00:00:00w2023-02-23yMONOGRAFIA